<?xml version="1.0" encoding="utf-8"?>
<?xml-stylesheet type='text/xsl' href='./oai2.xsl'?>
<OAI-PMH xmlns="http://www.openarchives.org/OAI/2.0/" xmlns:xsi="http://www.w3.org/2001/XMLSchema-instance" xsi:schemaLocation="http://www.openarchives.org/OAI/2.0/ http://www.openarchives.org/OAI/2.0/OAI-PMH.xsd">
  <responseDate>2026-06-07T15:55:07Z</responseDate>
  <request verb="GetRecord" metadataPrefix="marcxml" identifier="record_kuniweb_1502398">https://kulturerbe.niedersachsen.de/oai</request>
  <GetRecord>
    <record>
      <header>
        <identifier>record_kuniweb_1502398</identifier>
        <datestamp>2026-03-31T19:09:18Z</datestamp>
        <setSpec>slg0220</setSpec>
      </header>
      <metadata>
        <marc:record xmlns:marc="http://www.loc.gov/MARC21/slim" xsi:schemaLocation="http://www.loc.gov/MARC21/slim http://www.loc.gov/standards/marcxml/schema/MARC21slim.xsd">
          <marc:leader>12345nrm  22     uu 4500</marc:leader>
          <marc:controlfield tag="001">1502398</marc:controlfield>
          <marc:controlfield tag="003">http://kuniweb.gbv.de</marc:controlfield>
          <marc:controlfield tag="005">2023-12-12T14:42:53</marc:controlfield>
          <marc:controlfield tag="008">|           ||||||||||||||||||||||</marc:controlfield>
          <marc:datafield tag="245" ind1="1" ind2="0">
            <marc:subfield code="a">Schlangenglas
Bremervörde FStNr. 200</marc:subfield>
          </marc:datafield>
          <marc:datafield tag="655" ind1=" " ind2="7">
            <marc:subfield code="a">Archäologie</marc:subfield>
          </marc:datafield>
          <marc:datafield tag="046" ind1=" " ind2=" ">
            <marc:subfield code="k">1600</marc:subfield>
            <marc:subfield code="k">frühe Neuzeit (17. Jahrhundert)</marc:subfield>
            <marc:subfield code="l">1650</marc:subfield>
          </marc:datafield>
          <marc:datafield tag="260" ind1=" " ind2=" ">
            <marc:subfield code="g">1600</marc:subfield>
            <marc:subfield code="g">1650</marc:subfield>
            <marc:subfield code="g">frühe Neuzeit (17. Jahrhundert)</marc:subfield>
          </marc:datafield>
          <marc:datafield tag="300" ind1=" " ind2=" ">
            <marc:subfield code="a">Länge: 2,6 cm
Breite: 1,2 cm
Durchmesser: 0,7 cm</marc:subfield>
          </marc:datafield>
          <marc:datafield tag="520" ind1=" " ind2=" ">
            <marc:subfield code="a">Kelchgläser wurden gerne in den gehobenen Gesellschaftsschichten bei der repräsentativen Tafel genutzt. Sie wurden im 16. und 17. Jahrhundert (teilweise noch bis in das 18. Jahrhundert) nach venezianischen Vorbildern hergestellt. Ob im Einzelfall das Glas à la façon de Venise wirklich aus Venedig stammt oder von Produktionsorten in den Niederlande oder (vereinzelt) Deutschland, lässt sich aufgrund des Erscheinungsbildes kaum bestimmen. Trotz Verbotes wanderten venezianische Glasbläser aus und nahmen ihre Produktionsgeheimnisse mit. Am Ende des 17. Jahrhunderts verlor Venedig seine Vormachtstellung, u. a. weil nun mehr Gläser mit Schnitz‑ und Schliffdekor in Mode kamen.
Das Exemplar aus Bremervörde wurde im Umfeld der Kanzlei des Schlosses geborgen. Die seitlichen Flügel in blauem Glas weisen es als Schlangenglas venezianischer Art aus, wie es in der ersten Hälfte des 17. Jahrhunderts auftrat. Der Fund ist ein deutlicher Hinweis auf die gehobene Lebensart nicht nur im Hauptgebäude des Vörder Schlosses, sondern auch in der Kanzlei. (Hesse 02/2023)

Ausgrabungs- / Untersuchungsdatum: 2015</marc:subfield>
          </marc:datafield>
          <marc:datafield tag="650" ind1="1" ind2=" ">
            <marc:subfield code="a">Kelchglas</marc:subfield>
          </marc:datafield>
          <marc:datafield tag="773" ind1="0" ind2=" ">
            <marc:subfield code="t">Archäologische Funde aus dem Landkreis Rotenburg (Wümme)</marc:subfield>
          </marc:datafield>
          <marc:datafield tag="852" ind1=" " ind2=" ">
            <marc:subfield code="a">Kreisarchäologie Rotenburg</marc:subfield>
          </marc:datafield>
          <marc:datafield tag="852" ind1=" " ind2=" ">
            <marc:subfield code="a">Bremervörde (Rotenburg (Wümme), Niedersachsen)</marc:subfield>
          </marc:datafield>
          <marc:datafield tag="" ind1=" " ind2=" ">
            <marc:subfield code="a">Namensnennung - Weitergabe unter gleichen Bedingungen 4.0 International (CC BY-SA 4.0)</marc:subfield>
          </marc:datafield>
        </marc:record>
      </metadata>
    </record>
  </GetRecord>
</OAI-PMH>
